00550nam a2200121Ia 4500008004100000100002800041245015600069260003900225650001200264856006100276999001900337952007200356160909s9999 xx 000 0 und d aRocha, Michelle Dantas, aWhere is the Survivor's Voice? An Examination of the Individual and Structural Challenges to the Reintegration of Immigrant Human Trafficking Survivors bUniversity of South Florida.c2016 aTOURISM uhttp://pqdtopen.proquest.com/doc/1808267186.html?FMT=ABS c304935d304935 001040aCLbCLd2016-09-15l0r2016-09-15 00:00:00w2016-09-15yET